Manager's guide to virtual teams / (Record no. 71082)
[ view plain ]
| 000 -LEADER | |
|---|---|
| fixed length control field | 02325nam a22003617a 4500 |
| 005 - DATE AND TIME OF LATEST TRANSACTION | |
| control field | 20121025120229.0 |
| 008 - FIXED-LENGTH DATA ELEMENTS--GENERAL INFORMATION | |
| fixed length control field | 121025t xxu||||| |||| 00| 0 eng d |
| 010 ## - LCCN (DPL NO) | |
| LC control number | ENG-106134 |
| 020 ## - INTERNATIONAL STANDARD BOOK NUMBER | |
| International Standard Book Number | 9781259028731 |
| Terms of availability | 225.00 |
| 020 ## - INTERNATIONAL STANDARD BOOK NUMBER | |
| International Standard Book Number | 1259028739 |
| Terms of availability | 225.00 |
| 035 ## - SYSTEM CONTROL NUMBER | |
| System control number | EN-89667 |
| 037 ## - SOURCE OF ACQUISITION | |
| Source of stock number/acquisition | DBAD/PUB |
| 040 ## - CATALOGING SOURCE | |
| Original cataloging agency | DPL |
| Language of cataloging | Eng |
| 082 04 - DEWEY DECIMAL CLASSIFICATION NUMBER | |
| Classification number | 658.4022 |
| Edition number | 22 |
| 100 1# - MAIN ENTRY--PERSONAL NAME | |
| Personal name | Fisher, Kimball |
| 9 (RLIN) | 53347 |
| 245 10 - TITLE STATEMENT | |
| Title | Manager's guide to virtual teams / |
| Statement of responsibility, etc | by Kimball Fisher [and] Mareen Fisher |
| 260 ## - PUBLICATION, DISTRIBUTION, ETC. (IMPRINT) | |
| Place of publication, distribution, etc | New Delhi |
| Name of publisher, distributor, etc | Tata McGraw-Hill |
| Date of publication, distribution, etc | 2012 |
| 270 ## - ADDRESS | |
| Address | 7 West Patel nagar |
| City | New Delhi |
| Postal code | 110008 |
| 300 ## - PHYSICAL DESCRIPTION | |
| Extent | xiv,224p. : |
| Other physical details | ill. |
| Dimensions | 24cm(pbk) |
| 490 1# - SERIES STATEMENT | |
| Series statement | Briefcase book |
| -- | 53348 |
| 500 ## - GENERAL NOTE | |
| General note | Includes bibliographical references and index. |
| 505 0# - FORMATTED CONTENTS NOTE | |
| Formatted contents note | What is a virtual team? -- Managing space, time, and culture -- The seven competencies of effective virtual team leaders -- What virtual team employees need from their manager -- Bridging culture differences -- Starting up (or refocusing) a virtual team -- Building trust from a distance -- Using telephonic collaboration technologies -- Using videoconferencing and internet-based collaboration tools -- Improving the business IQ of team members -- Teaching finance fundamentals to virtual teams -- Improving communication and feedback skills -- Creative problem solving for virtual teams -- Managing performance from a distance -- Effective decision making over distance -- Virtual team building -- Maintaining a balanced personal and work life. |
| 520 1# - SUMMARY, ETC. | |
| Summary, etc | A hands-on guide for managing people and projects working from home, on the road, or in client sites; covers every aspect of virtual management--motivation, building teams, meeting deadlines, file sharing, teleconferencing, email, coaching, and videoconferencing. |
| 650 #0 - SUBJECT ADDED ENTRY--TOPICAL TERM | |
| Topical term or geographic name as entry element | Personnel management. |
| 9 (RLIN) | 53349 |
| 650 #0 - SUBJECT ADDED ENTRY--TOPICAL TERM | |
| Topical term or geographic name as entry element | Teams in the workplace. |
| 9 (RLIN) | 53350 |
| 650 #0 - SUBJECT ADDED ENTRY--TOPICAL TERM | |
| Topical term or geographic name as entry element | Telecommuting. |
| 9 (RLIN) | 53351 |
| 650 #0 - SUBJECT ADDED ENTRY--TOPICAL TERM | |
| Topical term or geographic name as entry element | Virtual work teams |
| General subdivision | Management. |
| 9 (RLIN) | 53352 |
| 700 1# - ADDED ENTRY--PERSONAL NAME | |
| Personal name | Fisher, Mareen Duncan |
| 9 (RLIN) | 53353 |
| 830 #0 - SERIES ADDED ENTRY--UNIFORM TITLE | |
| Uniform title | Briefcase book. |
| 9 (RLIN) | 53354 |
| 942 ## - ADDED ENTRY ELEMENTS (KOHA) | |
| Source of classification or shelving scheme | Dewey Decimal Classification |
| Item type | English Books |
| Classification part | 658.4022 |
| Call number suffix | FIS |
| Withdrawn status | Lost status | Source of classification or shelving scheme | Damaged status | Not for loan | Collection code | Home library | Current library | Date acquired | Source of acquisition | Cost, normal purchase price | Total Checkouts | Full call number | Barcode | Date last seen | Copy number | Cost, replacement price | Koha item type |
|---|---|---|---|---|---|---|---|---|---|---|---|---|---|---|---|---|---|
| Dewey Decimal Classification | Not For Loan | Non-fiction | D.B.Act.Division | D.B.Act.Division | 25/10/2012 | DBAD/PUB | 225.00 | 658.4022 FIS | EN-89667 | 25/10/2012 | 1 | 225.00 | English Books |
